000 00643nam a2200229Ia 4500
003 OSt
005 20220927103334.0
006 a|||||r|||| 00| 0
007 ta
008 220926b |||||||| |||| 00| 0 eng d
024 _a85400
037 _cReference Collections
040 _aRTL
_cRTL
_beng
041 _2eng
_aeng
082 _a"X9:8:73:N2, F6"
100 _aHauston David
_9356801
245 0 _aMemorandum on rationalisaiton in the United States
260 _aNew
_bYork United Nations
_c1927
300 _a9 p
_ccm.
942 _h"X9:8:73:N2, F6"
_cCC
999 _c682642
_d682642